00459 a2200181 4500260001000000711001900010711001000029440000800039260000900047245009200056300001100148260000900159130000800168440003500176710000900211711003900220020001800259 aRome. d10-14 Mai 1983 cRome. n295 bFAO. aRapport de consultation d'Experts sur les stratégies de développement des pêches. aV-41p. c1983 lFr. aFAO, Rapport sur les pêches. aFAO. aRapport de consultation d'Experts. a92-5-201408-X